| Tag |
First Indicator |
Second Indicator |
Subfields |
| LEADER |
00000cam a2200000 4500 |
| 001 |
in00000062342 |
| 005 |
20151222135059.0 |
| 008 |
740708s1967 no b 00000 eng u |
| 010 |
|
|
|a 67031930
|
| 035 |
|
|
|a (OCoLC)00938300
|
| 035 |
|
|
|9 AAG9511AM
|
| 040 |
|
|
|c YNG
|d TXA
|d UtOrBLW
|
| 049 |
|
|
|a TXAM
|c [477552]
|
| 050 |
|
0 |
|a HC65
|b .C6 1965aa
|
| 092 |
|
|
|a 341.67
|b C748d
|
| 111 |
2 |
|
|a Conference on Economic Aspects of World Disarmament and Interdependence
|d (1965 :
|c Oslo)
|
| 245 |
1 |
0 |
|a Disarmament and world economic interdependence /
|c Emile Benoit, editor, with the assistance of Nils Petter Gleditsch.
|
| 264 |
|
1 |
|a Oslo,
|a Bergen [etc.] :
|b Universitetsforlaget,
|c 1967.
|
| 300 |
|
|
|a 260 pages ;
|c 24 cm.
|
| 336 |
|
|
|a text
|b txt
|2 rdacontent
|
| 337 |
|
|
|a unmediated
|b n
|2 rdamedia
|
| 338 |
|
|
|a volume
|b nc
|2 rdacarrier
|
| 490 |
1 |
|
|a Peace research monographs,
|v no. 1
|
| 500 |
|
|
|a Scandinavian university books.
|
| 500 |
|
|
|a "Organized by RIEDAC -- Research on International Economics of Disarmament and Arms Control -- in cooperation with the International Peace Research Institute, Oslo."
|
| 504 |
|
|
|a Includes bibliographies.
|
| 650 |
|
0 |
|a Disarmament
|x Economic aspects.
|
| 700 |
1 |
|
|a Benoit, Emile.
|
| 710 |
2 |
|
|a Research on International Economics of Disarmament and Arms Control.
|
| 710 |
2 |
|
|a International Peace Research Institute.
|
| 830 |
|
0 |
|a Peace research monographs ;
|v no. 1.
|
| 999 |
|
|
|a MARS
|
| 999 |
f |
f |
|s 5b9beb1e-d9e4-38c3-873d-6babe91877e4
|i 58b5e95c-dfd0-3620-8202-c7c576c8a209
|t 0
|
| 952 |
f |
f |
|p ric
|a Texas A&M University
|b Rellis Campus
|c Joint Library Facility
|d Remote Storage
|t 0
|e HC65 .C6 1965aa
|h Library of Congress classification
|i unmediated -- volume
|m A14800785306
|
| 998 |
f |
f |
|a HC65 .C6 1965aa
|t 0
|l Remote Storage
|